| 000 | 00000nam##2200000za#4500 |
| 001 | 9.574654 |
| 003 | CaOODSP |
| 005 | 20210624184305 |
| 007 | cr ||||||||||| |
| 008 | 150406|1999||||xxc|||||o f|0| 0 eng|d |
| 022 | |a1205-9153 |
| 040 | |aCaOODSP|beng |
| 043 | |an-cn--- |
| 086 | 1 |aCS11-0019/138E-PDF |
| 245 | 04|aThe evolution of pension coverage for young and prime-aged workers in Canada / |h[electronic resource]|cby René Morissette and Marie Drolet. |
| 260 | |aOttawa - Ontario : |bStatistics Canada |cDecember 22, 1999. |
| 300 | |a75p.|btables |
| 490 | 1 |aAnalytical Studies Branch research paper series|x1205-9153|vNo. 138 |
| 500 | |aThe catalogue number (11F0019MPE) and ISBN (0-660-17934-2) for the print edition have been incorrectly copied in this electronic publication. |
| 504 | |aBibliography. |
| 520 | 3 |aIn this paper, we assemble data from several household surveys to document how pension coverage of young and older workers has evolved in Canada between the mid-1980s and the mid-1990s.--Abstract |
| 590 | |a12-35-Supp|b2012-08-09 |
| 710 | 2 |aStatistics Canada. |
| 720 | 1 |aMorissette, René |
| 720 | 1 |aDrolet, Marie |
| 775 | 08|tL'évolution de la protection offerte par les pensions aux travailleurs jeunes et plus âgés au Canada / |w(CaOODSP)9.604389 |
| 776 | 0#|tThe evolution of pension coverage for young and prime-aged workers in Canada / |w(CaOODSP)9.614979 |
| 830 | #0|aResearch paper series (Statistics Canada. Analytical Studies Branch)|x1205-9153|vNo. 138|w(CaOODSP)9.504421 |
| 856 | 40|ahttp://publications.gc.ca|qPDF|s245 KB |uhttps://publications.gc.ca/collections/Collection/CS11-0019-138E.pdf|yNo. 138 |